| 000 | 00779nam a2200229Ia 4500 | ||
|---|---|---|---|
| 003 | GCL | ||
| 005 | 20240530103119.0 | ||
| 008 | 140319s9999 xx 000 0 ara d | ||
| 040 |
_aGCL / _cGCL |
||
| 082 | 0 | 4 |
_a415.1 _bف ذ |
| 100 | 1 | _aرمضان عبدالتواب | |
| 245 | 1 | 0 |
_aذم الخطا فى الشعر العربى / _cرمضان عبدالتواب |
| 260 |
_a[S.N] : _bمكتبة الخانجى ، _c1980 |
||
| 300 | _a31 ص | ||
| 490 |
_aسلسلة روائع التراث اللغوى _v0 |
||
| 650 | 0 | 4 | _aالنحو |
| 650 | 0 | 4 | _aالالفاظ |
| 650 | 0 | 4 | _aالاشتقاق |
| 650 | 0 | 4 | _aاللغة العربية |
| 700 | 1 | _aابن فارس : ابوالحسين احمد بن فارس بن زكريا بن محمد بن حبيب | |
| 942 |
_2ddc _cBK |
||
| 999 |
_c36930 _d36930 |
||